[Event "Pornic op"]
[Site "Pornic"]
[Date "2008.08.??"]
[Round "1"]
[White "Demuth, Adrien"]
[Black "Chilin, Dominique"]
[Result "1-0"]
[WhiteElo "2315"]
[BlackElo "1916"]
[PlyCount "63"]
[EventDate "2008.08.??"]
[EventType "swiss"]
[EventRounds "6"]
[EventCountry "FRA"]
[SourceTitle "EXT 2009"]
[Source "ChessBase"]
[SourceDate "2008.11.26"]
[SourceVersion "1"]
[SourceVersionDate "2008.11.26"]
[SourceQuality "1"]

1. d4 e6 2. c4 d5 3. Nc3 Nf6 4. Bg5 Be7 5. Nf3 c6 6. e3 0-0 7. Qc2 Nbd7 8. cxd5 exd5 9. Bd3 Re8 10. 0-0 Nf8 11. h3 Ng6 12. Rab1 Nd7 13. Bxe7 Qxe7 14. b4 Ndf8 15. b5 Nh4 16. Nxh4 Qxh4 17. bxc6 bxc6 18. Ne2 Qg5 19. Nf4 Qh6 20. Bf5 Bxf5 21. Qxf5 Re7 22. Rfc1 Qd6 23. Nd3 Rc7 24. Rc3 g6 25. Qe5 Qxe5 26. Nxe5 c5 27. Rxc5 Rxc5 28. dxc5 f6 29. Nc6 Kf7 30. Rb7+ Ke6 31. Nd4+ Ke5 32. Re7+ 1-0